| 000 | 00505nam a22001817a 4500 | ||
|---|---|---|---|
| 999 |
_c190524 _d190524 |
||
| 005 | 20220727141711.0 | ||
| 010 | _aENG-134013 | ||
| 020 |
_a9788190979245 _c85.00 |
||
| 035 | _aEN-117545 | ||
| 037 | _bDBAB/PUB | ||
| 082 | _a658.4038 | ||
| 100 | _aD. Suganyadevi | ||
| 245 |
_aManagement Information System/ _cby D. Suganyadevi |
||
| 260 |
_aCoimbatore _bQ Books _c2008 |
||
| 270 |
_aRacecourse _bCoimbatore _e641018 |
||
| 300 |
_a132p. _c20cm(pbk) |
||
| 942 |
_2ddc _cEN _mDSU _h658.4038 |
||